|
|
|
|
| LEADER |
00000nam a2200000 a 4500 |
| 005 |
20120112150221.0 |
| 007 |
cr|||| |||| |
| 008 |
020527s2002 spc|||||| 000 ||spa| |
| 017 |
|
|
|a DL B. 9633-2002
|
| 020 |
|
|
|a 8495027968
|
| 035 |
|
|
|a 3238
|
| 040 |
|
|
|d vLex
|
| 043 |
|
|
|a e-sp---
|b e-sp---
|2 catmarc
|
| 080 |
|
|
|a 336.21.5:504.06(460)
|
| 080 |
|
|
|a 504.06:336.21.5:(460)
|
| 090 |
|
|
|c 2918
|d 2918
|
| 100 |
1 |
|
|a Rosell ̤Moreno, Carlos de
|
| 245 |
1 |
0 |
|a Fiscalidad del automv̤il
|h [Recurso electrn̤ico] :
|b reforma fiscal ecolg̤ica e incentivos para la renovacin̤ del parque de vehc̕ulos /
|c Carlos de Rosell ̤Moreno
|
| 256 |
|
|
|a Servicio en ln̕ea
|
| 260 |
|
|
|a Barcelona :
|b Cedecs,
|c 2002
|
| 300 |
|
|
|a 1 recurso electrn̤ico
|
| 504 |
|
|
|a Bibliografa̕ p. 289-309
|
| 506 |
1 |
|
|a Contenido solo disponible en los productos indicados
|d vLex Global
|d vLex Global (Academic Edition, excluding Law Schools)
|d vLex Global (U.S. Academic Edition, Law Schools)
|d vLex Global (U.S. Academic Edition, excluding Law Schools)
|d vLex Global (Academic Edition, Law Schools)
|
| 650 |
0 |
4 |
|a Automv̤iles
|x Impuestos
|z Espaą
|
| 650 |
0 |
4 |
|a Tasa ecolg̤ica
|x Derecho y legislacin̤
|z Espaą
|
| 650 |
0 |
4 |
|a Automv̤iles
|x Impuestos
|x Derecho
|z Espaą
|
| 740 |
0 |
|
|a vLex Libros (Servicio en ln̕ea)
|
| 830 |
|
0 |
|a Derecho financiero y tributario (Cedecs)
|
| 856 |
4 |
0 |
|u http://vlex.com/source/fiscalidad-automovil-reforma-fiscal-ecologica-3238
|z Acceso restringido
|
| 942 |
|
|
|c BOOK
|
| 999 |
0 |
|
|a Automobiles
|
| 999 |
0 |
|
|a Taxation - Law and legislation
|